[Event "Championnat de la Loire - Top20"]
[Site "Loire"]
[Date "2008.12.20"]
[Round "3.7"]
[White "Minchilli, Franco"]
[Black "Carrot, Patrick"]
[Result "0-1"]
[WhiteElo "1770"]
[BlackElo "1841"]
[PlyCount "114"]
[EventDate "2008.??.??"]

1. e4 e5 2. Nf3 Nc6 3. Nc3 a6 4. d4 exd4 5. Nxd4 Nge7 6. Bg5 f6 7. Be3 Nxd4 8.
Bxd4 Nc6 9. Be3 Bb4 10. Bd2 O-O 11. Bc4+ Kh8 12. a3 Ba5 13. b4 Bb6 14. Nd5 Bd4
15. c3 Ba7 16. O-O Ne5 17. Be2 c6 18. Nf4 d6 19. Qb3 Qe7 20. Kh1 Bd7 21. Nh5
Ng4 22. f3 Nf2+ 23. Rxf2 Be6 24. Qd1 Bxf2 25. Bf4 Rad8 26. Qf1 Bb6 27. Bg3 Bc7
28. Re1 Rfe8 29. Bf2 Bf7 30. Ng3 Qe6 31. c4 Qe5 32. Be3 d5 33. cxd5 cxd5 34.
Bd3 dxe4 35. Bxe4 Bb8 36. Qf2 Rd7 37. f4 Qc3 38. Bf5 Rde7 39. Nf1 Qxa3 40. b5
axb5 41. Bc5 Rxe1 42. Bxa3 Bc4 43. Bb4 Rxf1+ 44. Qxf1 Bxf1 45. g3 Ba7 46. Bg4
Bd4 47. h4 b6 48. Kh2 Bc5 49. Bd2 b4 50. h5 b3 51. Bc3 Ba3 52. h6 b2 53. Bf5
Rd8 54. g4 Bd3 55. g5 Bxf5 56. gxf6 b1=Q 57. f7 Qc2+ 0-1

[Event "Championnat de la Loire - Top20"]
[Site "Loire"]
[Date "2008.12.20"]
[Round "3.8"]
[White "Massard, Christian"]
[Black "Walter, Alain"]
[Result "1/2-1/2"]
[WhiteElo "1810"]
[BlackElo "1760"]
[PlyCount "84"]
[EventDate "2008.??.??"]

1. Nf3 d5 2. e3 Nf6 3. b3 e6 4. Bb2 Be7 5. Be2 O-O 6. O-O c5 7. c4 Nc6 8. d3 d4
9. Nbd2 e5 10. e4 Ne8 11. Ne1 f5 12. exf5 Bxf5 13. Bg4 Nd6 14. Bxf5 Nxf5 15.
Ne4 Qc7 16. Nf3 Nd8 17. Re1 Nf7 18. Ba3 b6 19. Bc1 N5d6 20. Nfd2 Nxe4 21. Nxe4
Nd6 22. Qg4 Nxe4 23. Rxe4 Rf7 24. Bd2 Raf8 25. f3 Bf6 26. Rae1 g6 27. Bh6 Re8
28. h4 Bg7 29. Bd2 Rf5 30. Rf1 Ref8 31. Qh3 Qf7 32. Rg4 Re8 33. Re4 Rf8 34.
Rfe1 Re8 35. R1e2 Qf8 36. Qg3 Bh6 37. Bxh6 Qxh6 38. Rxe5 Rfxe5 39. Rxe5 Rxe5
40. Qxe5 Qxh4 41. Qb8+ Kg7 42. Qxa7+ Kh6 1/2-1/2

[Event "Championnat de la Loire - Top20"]
[Site "Loire"]
[Date "2008.12.20"]
[Round "3.9"]
[White "Pareux, Marc"]
[Black "Vier, Serge"]
[Result "1/2-1/2"]
[WhiteElo "1680"]
[BlackElo "1640"]
[PlyCount "38"]
[EventDate "2008.??.??"]

1. d4 d5 2. g3 Nf6 3. Bg2 c6 4. Nd2 Bf5 5. e3 Nbd7 6. Ngf3 Qc7 7. Nh4 Bg6 8.
Nxg6 hxg6 9. e4 dxe4 10. Nxe4 Nxe4 11. Bxe4 Nf6 12. Bg2 e6 13. c4 Bb4+ 14. Kf1
Be7 15. a3 O-O 16. b4 a5 17. b5 cxb5 18. cxb5 Rac8 19. Bb2 Nd5 $11 1/2-1/2

[Event "Championnat de la Loire - Top20"]
[Site "Loire"]
[Date "2008.12.20"]
[Round "3.10"]
[White "Maestracci, Olivier"]
[Black "Mialon, Franck"]
[Result "0-1"]
[WhiteElo "1620"]
[BlackElo "1430"]
[PlyCount "62"]
[EventDate "2008.??.??"]

1. e4 e5 2. Nf3 Nc6 3. d4 exd4 4. Nxd4 Bc5 5. Be3 Qe7 6. Nxc6 dxc6 7. Bxc5 Qxc5
8. Nc3 Nf6 9. Be2 O-O 10. O-O Be6 11. Kh1 Rad8 12. Qc1 Ng4 13. Bxg4 Bxg4 14.
Qf4 f5 15. f3 Bh5 16. Qg5 Bg6 17. Rad1 Rd4 18. Rxd4 Qxd4 19. Rd1 Qf2 20. exf5
Bxf5 21. Qd2 Qb6 22. b3 c5 23. Re1 c6 24. Rd1 Qb4 25. Ne2 Qh4 26. Ng3 Bg6 27.
Kg1 Qf6 28. c4 h5 29. Qd6 Qg5 30. Qd5+ Bf7 31. Ne4 Qe3+ 0-1

[Event "Championnat de la Loire - Top20"]
[Site "Loire"]
[Date "2009.01.10"]
[Round "4.1"]
[White "Cizeron, Frederic"]
[Black "Morice, Ludovic"]
[Result "0-1"]
[WhiteElo "2104"]
[BlackElo "2056"]
[PlyCount "81"]
[EventDate "2009.??.??"]

1. d4 Nf6 2. Nf3 e6 3. Bg5 d5 4. e3 Be7 5. c4 Nbd7 6. Nc3 h6 7. Bh4 Ne4 8. Bxe7
Qxe7 9. Bd3 Nxc3 10. bxc3 dxc4 11. Bxc4 O-O 12. O-O b6 13. e4 Bb7 14. e5 c5 15.
Qe2 Rfd8 16. Rad1 cxd4 17. cxd4 Nf8 18. Ne1 Rac8 19. Nc2 Qg5 20. f4 Qxg2+ 21.
Qxg2 Bxg2 22. Kxg2 Rxc4 23. Rf2 Ng6 24. Kf3 Nh4+ 25. Ke4 Nf5 26. Rd3 Rd5 27.
Rfd2 g6 28. a3 Rd7 29. Nb4 Ne7 30. Rb3 Nf5 31. Nc2 Kf8 32. Kd3 Rcc7 33. Rc3
Rxc3+ 34. Kxc3 Ne7 35. Kc4 Nd5 36. Kb5 Ke8 37. Rf2 Kd8 38. Kc6 Ne7+ 39. Kb5
Rd5+ 40. Kc4 Nf5 41. Nb4 0-1

[Event "Championnat de la Loire - Top20"]
[Site "Loire"]
[Date "2009.01.10"]
[Round "4.2"]
[White "Furnon, Yannick"]
[Black "Deville, Olivier"]
[Result "1-0"]
[WhiteElo "1780"]
[BlackElo "2012"]
[PlyCount "21"]
[EventDate "2009.??.??"]

1. d4 d5 2. Nf3 Nf6 3. Bg5 Ne4 4. Bf4 c5 5. dxc5 Nc6 6. Nbd2 Nxc5 7. e3 g6 8.
Bb5 Qb6 9. Bxc6+ bxc6 10. O-O Qxb2 11. Be5 1-0

[Event "Championnat de la Loire - Top20"]
[Site "Loire"]
[Date "2009.01.10"]
[Round "4.3"]
[White "Cursoux, Gerard"]
[Black "Poncet, Alain"]
[Result "1-0"]
[WhiteElo "2040"]
[BlackElo "1893"]
[PlyCount "41"]
[EventDate "2009.??.??"]

1. e4 e5 2. f4 d5 3. exd5 e4 4. d3 Nf6 5. dxe4 Nxe4 6. Nf3 Bc5 7. Qe2 Qxd5 8.
Nfd2 Kd8 9. Nxe4 Re8 10. Nbc3 Bb4 11. Be3 Bd7 12. Kf2 Qf5 13. g4 Qxg4 14. Qxg4
Bxg4 15. Bg2 Nd7 16. a3 Ba5 17. b4 Bb6 18. Bxb6 axb6 19. Ng5 Kc8 20. Rae1 Rxe1
21. Rxe1 1-0

[Event "Championnat de la Loire - Top20"]
[Site "Loire"]
[Date "2009.01.10"]
[Round "4.4"]
[White "Garon, Pierre"]
[Black "Muller, Anthony"]
[Result "1/2-1/2"]
[WhiteElo "1942"]
[BlackElo "1860"]
[PlyCount "108"]
[EventDate "2009.??.??"]

1. d4 d5 2. Nf3 Nf6 3. Bf4 g6 4. e3 Bg4 5. Nbd2 Ne4 6. Bd3 Nxd2 7. Qxd2 Bxf3 8.
gxf3 Bg7 9. Qb4 Qc8 10. c4 dxc4 11. Qxc4 c6 12. h4 Nd7 13. O-O-O e6 14. h5 Nb6
15. Qc5 Qd8 16. Kb1 Qe7 17. Qa5 Nd5 18. Bg3 Qb4 19. Qxb4 Nxb4 20. Bc4 O-O-O 21.
a3 Nd5 22. Kc2 Nf6 23. Bh4 Rhg8 24. hxg6 hxg6 25. b4 Rh8 26. Kb3 Rh5 27. Bg3
Rdh8 28. Rhg1 Rh3 29. Bf1 Rh1 30. Bd3 Rxg1 31. Rxg1 Nh5 32. Bh2 Rd8 33. Kc4 b6
34. a4 Kb7 35. Be4 Nf6 36. Bd3 Rc8 37. e4 Rd8 38. Bf4 a6 39. Be3 Ra8 40. f4 Rh8
41. f5 exf5 42. exf5 Nd5 43. fxg6 fxg6 44. Rxg6 Bf8 45. b5 axb5+ 46. axb5 Nxe3+
47. fxe3 cxb5+ 48. Kxb5 Rh5+ 49. Kc4 Rh6 50. Rxh6 Bxh6 $11 51. e4 Kc6 52. Be2
Bg7 53. Bf3 Kd6 54. e5+ Bxe5 1/2-1/2

[Event "Championnat de la Loire - Top20"]
[Site "Loire"]
[Date "2009.01.10"]
[Round "4.5"]
[White "Carrot, Patrick"]
[Black "Guevorkian, Spartak"]
[Result "0-1"]
[WhiteElo "1841"]
[BlackElo "1890"]
[PlyCount "68"]
[EventDate "2009.??.??"]

1. e4 c5 2. Nf3 Nc6 3. Bb5 e6 4. c4 g6 5. d4 cxd4 6. Bxc6 dxc6 7. Qxd4 Qxd4 8.
Nxd4 Bg7 9. Nf3 c5 10. a3 Ne7 11. Nbd2 Nc6 12. Rb1 O-O 13. b4 cxb4 14. axb4 Rd8
15. Ke2 b6 16. Bb2 Bb7 17. Rhc1 e5 18. Ba1 Nd4+ 19. Nxd4 exd4 20. Kd3 f5 21. f3
fxe4+ 22. Nxe4 Re8 23. Re1 Rad8 24. Rb2 a6 25. Rbe2 Kf8 26. Ng5 Re3+ 27. Kd2
Bh6 28. f4 Bxg5 29. fxg5 Ra3 30. g3 Bc8 31. Re4 Ra2+ 32. Kd3 Bf5 33. Rf1 Kg8
34. Bxd4 Ra3+ 0-1

[Event "Championnat de la Loire - Top20"]
[Site "Loire"]
[Date "2009.01.10"]
[Round "4.6"]
[White "Carrot, Axel"]
[Black "Massard, Christian"]
[Result "1/2-1/2"]
[WhiteElo "1650"]
[BlackElo "1810"]
[PlyCount "75"]
[EventDate "2009.??.??"]

1. d4 g6 2. Nc3 Bg7 3. e4 d6 4. Nf3 Nf6 5. Be2 O-O 6. O-O Nbd7 7. h3 c5 8. Be3
b6 9. Nh2 Bb7 10. Bf3 cxd4 11. Bxd4 Rc8 12. Ng4 a6 13. Nxf6+ Nxf6 14. Qd3 b5
15. e5 dxe5 16. Bxb7 exd4 17. Bxc8 Qxc8 18. Ne2 e5 19. f4 e4 20. Qd2 Rd8 21.
Nxd4 Nh5 22. c3 Ng3 23. Rfe1 h5 24. Qe3 h4 25. Rad1 Bf8 26. b4 f5 27. Nb3 Rxd1
28. Rxd1 Qxc3 29. Qxc3 Ne2+ 30. Kf2 Nxc3 31. Rd8 Nxa2 32. Nc5 Kf7 33. Nxa6 Nxb4
34. Nxb4 Bxb4 35. Rd5 Bc3 36. Rxb5 Bd2 37. g3 hxg3+ 38. Kxg3 1/2-1/2

[Event "Championnat de la Loire - Top20"]
[Site "Loire"]
[Date "2009.01.10"]
[Round "4.7"]
[White "Walter, Alain"]
[Black "Aumont-Mathieu, Georges"]
[Result "1-0"]
[WhiteElo "1760"]
[BlackElo "1800"]
[PlyCount "53"]
[EventDate "2009.??.??"]

1. e4 e5 2. Nf3 Nc6 3. Bb5 Nf6 4. O-O Bc5 5. c3 O-O 6. Re1 d6 7. h3 Bd7 8. d4
exd4 9. cxd4 Bb4 10. Nc3 h6 11. Ba4 a6 12. Bf4 Re8 13. Bc2 Qc8 14. Kh2 Nh7 15.
Qd3 Ba5 16. a3 Ne7 17. g4 Ng6 18. Bg3 b5 19. e5 b4 20. axb4 Bxb4 21. Rec1 Qb7
22. d5 Bc5 23. e6 Bxe6 24. dxe6 Rxe6 25. Na4 Ba7 26. Bb3 Re3 27. fxe3 1-0

[Event "Championnat de la Loire - Top20"]
[Site "Loire"]
[Date "2009.01.10"]
[Round "4.8"]
[White "Bruel, Bruno"]
[Black "Mialon, Franck"]
[Result "1-0"]
[WhiteElo "1780"]
[BlackElo "1370"]
[PlyCount "51"]
[EventDate "2009.??.??"]

1. d4 Nf6 2. c4 e5 3. d5 Bc5 4. Nc3 O-O 5. e4 Bb4 6. Bd3 c6 7. Nf3 cxd5 8. cxd5
d6 9. h3 Nbd7 10. O-O Nc5 11. Qe2 Bd7 12. Bg5 Kh8 13. Nd2 Qc8 14. Kh2 a6 15. f4
Bxc3 16. bxc3 Nxd3 17. Qxd3 Bb5 18. c4 Bd7 19. fxe5 dxe5 20. Bxf6 gxf6 21. Rxf6
b5 22. cxb5 Bxb5 23. Qg3 Qc7 24. Nf3 Rac8 25. Ng5 Qe7 26. Qh4 1-0

[Event "Championnat de la Loire - Top20"]
[Site "Loire"]
[Date "2009.01.10"]
[Round "4.9"]
[White "Vier, Serge"]
[Black "Minchilli, Franco"]
[Result "1-0"]
[WhiteElo "1630"]
[BlackElo "1740"]
[PlyCount "143"]
[EventDate "2009.??.??"]

1. d4 Nf6 2. c4 e6 3. Nf3 d5 4. Nc3 Bb4 5. Bg5 O-O 6. cxd5 exd5 7. e3 Bf5 8.
Qb3 Bxc3+ 9. bxc3 Bc8 10. Bxf6 gxf6 11. c4 c6 12. cxd5 Qa5+ 13. Nd2 cxd5 14.
Qb5 Nc6 15. Qxa5 Nxa5 16. Bd3 Bg4 17. O-O Nc6 18. Rfc1 a6 19. Rab1 Ra7 20. Rb6
Bd7 21. Nb3 Rc8 22. Nc5 Rc7 23. Be2 Be6 24. Rcb1 Nd8 25. Bf3 Bf5 26. Rd1 Ne6
27. Bxd5 Nxc5 28. dxc5 Kg7 29. c6 bxc6 $11 30. Rxc6 Rd7 31. Bb3 Rxd1+ 32. Bxd1
a5 33. h3 Be6 34. Bb3 Bd7 35. Rc5 a4 36. Bd5 a3 37. Kf1 f5 38. Ke2 Kf6 39. Kf3
Be6 40. e4 fxe4+ 41. Kxe4 Bf5+ 42. Kf3 Be6 43. g4 h6 44. Ke3 Ra4 45. f4 Bxd5
46. Rxd5 Rc4 47. Rd3 Ra4 $11 48. h4 Ke6 49. Rb3 Ra6 50. Rb4 Kd5 51. Kd3 Kc5 52.
Kc3 Re6 53. Kb3 Re3+ 54. Ka4 Rf3 55. Rb5+ Kc6 56. Rf5 Rg3 57. g5 hxg5 58. hxg5
Kd6 59. Rxf7 Ke6 60. Rf6+ Ke7 61. Kb4 Ke8 62. Kc5 Rg2 63. Ra6 Rxa2 64. Kd6 Kf7
65. Ke5 Re2+ 66. Kf5 a2 67. Ra7+ Ke8 68. g6 Rg2 69. Kf6 Rh2 70. f5 Rg2 71. g7
Kd8 72. Rxa2 1-0

[Event "Championnat de la Loire - Top20"]
[Site "Loire"]
[Date "2009.01.10"]
[Round "4.10"]
[White "Maestracci, Olivier"]
[Black "Pareux, Marc"]
[Result "1/2-1/2"]
[WhiteElo "1580"]
[BlackElo "1640"]
[PlyCount "44"]
[EventDate "2009.??.??"]

1. e4 g6 2. d4 Bg7 3. Nc3 c6 4. Be3 d5 5. Be2 dxe4 6. Nxe4 Nd7 7. Qd2 Ngf6 8.
Nc3 Nb6 9. h3 Be6 10. Nf3 Bc4 11. O-O-O Nfd5 12. Nxd5 cxd5 13. Kb1 Bxe2 14.
Qxe2 Nc4 15. Bf4 Qb6 16. c3 e6 17. Ne5 Rc8 18. Nxc4 Rxc4 19. Rd3 O-O 20. h4 f6
21. Re1 Re8 22. Re3 Rc6 $11 1/2-1/2

[Event "Championnat de la Loire - Top20"]
[Site "Loire"]
[Date "2009.03.07"]
[Round "5.1"]
[White "Morice, Ludovic"]
[Black "Furnon, Yannick"]
[Result "1-0"]
[WhiteElo "2056"]
[BlackElo "1780"]
[PlyCount "76"]
[EventDate "2009.??.??"]

1. Nf3 c6 2. g3 d5 3. Bg2 Bf5 4. O-O Nf6 5. d3 e6 6. Nh4 Bg6 7. Nxg6 hxg6 8. e4
Nbd7 9. Qe2 Qc7 10. c4 d4 11. Bg5 Nh7 12. Bc1 e5 13. Nd2 Bd6 14. Nf3 Be7 15. h4
O-O-O 16. Bh3 f6 17. Bd2 g5 18. Kg2 g6 19. hxg5 Nxg5 20. Bxg5 fxg5 21. Rh1 Kb8
22. Bxd7 Qxd7 23. Rxh8 Rxh8 24. Rh1 Rxh1 25. Kxh1 Qh3+ 26. Nh2 Qh5 27. Qg4 Qxg4
28. Nxg4 Bd6 29. Kg2 b5 30. cxb5 cxb5 31. Kf3 a5 32. Nh2 b4 33. b3 Kb7 34. Kg4
Be7 35. Nf3 Bf6 36. Nxg5 Kb6 37. Nf3 Kb5 38. Nh4 a4 1-0

[Event "Championnat de la Loire - Top20"]
[Site "Loire"]
[Date "2009.03.07"]
[Round "5.2"]
[White "Cursoux, Gerard"]
[Black "Cizeron, Frederic"]
[Result "1/2-1/2"]
[WhiteElo "2040"]
[BlackElo "2104"]
[PlyCount "46"]
[EventDate "2009.??.??"]

1. e4 e6 2. d3 d5 3. Nd2 Nf6 4. g3 Be7 5. Bg2 O-O 6. Ngf3 c5 7. O-O Nc6 8. Re1
dxe4 9. dxe4 b6 10. b3 Bb7 11. Bb2 Qc8 12. a3 Rd8 13. e5 Nd7 14. Qe2 Qc7 15.
Rad1 a6 16. Nc4 Nf8 17. Rxd8 Rxd8 18. Rd1 b5 19. Rxd8 Qxd8 20. Ncd2 Nd7 21. c4
b4 22. a4 Na5 23. Qd3 Nb8 $11 1/2-1/2

[Event "Championnat de la Loire - Top20"]
[Site "Loire"]
[Date "2009.03.07"]
[Round "5.3"]
[White "Poncet, Alain"]
[Black "Garon, Pierre"]
[Result "0-1"]
[WhiteElo "1893"]
[BlackElo "1942"]
[PlyCount "88"]
[EventDate "2009.??.??"]

1. d4 d5 2. c4 e6 3. Nc3 c6 4. cxd5 exd5 5. Bf4 Bf5 6. e3 Qb6 7. Qd2 Nf6 8. a3
Nbd7 9. Nf3 Be7 10. Be2 O-O 11. O-O h6 12. Bd3 Bxd3 13. Qxd3 Rac8 14. b4 a6 15.
h3 Rfe8 16. Rfc1 Bf8 17. Nd2 Qd8 18. f3 Nh5 19. Bh2 Qg5 20. Re1 Rcd8 21. e4
dxe4 22. fxe4 Nf4 23. Bxf4 Qxf4 24. Rf1 Qd6 25. Qc4 Nf6 26. Nb3 Qe6 27. Qxe6
Rxe6 28. Rfe1 $11 h5 29. g3 g5 30. Rad1 Kg7 31. Kf2 Kg6 32. Nc5 Bxc5 33. bxc5
Re7 34. Re2 Nd7 35. Rb1 Nf6 36. Rd1 Nd7 37. Rb1 Nf6 38. Rd1 Kg7 39. Kf3 Red7
40. Red2 Kg6 41. d5 Rc7 42. dxc6 Rxd2 43. cxb7 Rxc5 44. Ne2 Rb2 0-1

[Event "Championnat de la Loire - Top20"]
[Site "Loire"]
[Date "2009.03.07"]
[Round "5.4"]
[White "Muller, Anthony"]
[Black "Carrot, Patrick"]
[Result "1/2-1/2"]
[WhiteElo "1860"]
[BlackElo "1841"]
[PlyCount "84"]
[EventDate "2009.??.??"]

1. e4 c5 2. Nf3 e6 3. d4 cxd4 4. Nxd4 a6 5. Bd3 Nc6 6. c3 Nf6 7. O-O Qb6 8.
Nxc6 dxc6 9. b3 e5 10. Nd2 Bg4 11. Be2 Be6 12. Qc2 Be7 13. Bb2 O-O 14. Rad1
Rfd8 15. h3 a5 16. Bc4 Bxc4 17. Nxc4 Qc7 18. Nd2 Nd7 19. Nf3 a4 20. Rd2 axb3
21. axb3 b6 22. Rfd1 Nc5 23. Nh2 Rxd2 24. Rxd2 Rd8 25. Rxd8+ Qxd8 26. Ba3 Kf8
27. Bxc5 Bxc5 28. Nf3 Ke7 29. Nd2 b5 30. Nf3 Qa5 31. Ne1 Qa1 32. Kf1 Qa7 33.
Nd3 Bb6 34. Nb4 Qd7 35. Ke2 Bc5 36. Nd3 Bb6 37. Qd2 Qe6 38. Qc2 Qf6 39. Qa2 Qg6
40. Kf3 Qf6+ 41. Kg3 Qg6+ 42. Kf3 Qh5+ 1/2-1/2

[Event "Championnat de la Loire - Top20"]
[Site "Loire"]
[Date "2009.03.07"]
[Round "5.5"]
[White "Deville, Olivier"]
[Black "Vier, Serge"]
[Result "1-0"]
[WhiteElo "2012"]
[BlackElo "1630"]
[PlyCount "47"]
[EventDate "2009.??.??"]

1. c4 e5 2. Nc3 Nf6 3. e3 Bb4 4. Nge2 Nc6 5. a3 Bxc3 6. Nxc3 d5 7. cxd5 Nxd5 8.
Qc2 a6 9. b4 Be6 10. Bb2 O-O 11. Be2 Qg5 12. Bf3 Rad8 13. O-O f5 14. Na4 e4 15.
Be2 Nde7 16. Nc5 Bc8 17. d3 exd3 18. Bxd3 Ng6 19. Bc4+ Kh8 20. Be6 Rfe8 21.
Bxc8 Rxc8 22. Nxb7 Nge5 23. Bxe5 Nxe5 24. f4 1-0

[Event "Championnat de la Loire - Top20"]
[Site "Loire"]
[Date "2009.03.07"]
[Round "5.6"]
[White "Guevorkian, Spartak"]
[Black "Bruel, Bruno"]
[Result "0-1"]
[WhiteElo "1890"]
[BlackElo "1780"]
[PlyCount "81"]
[EventDate "2009.??.??"]

1. d4 d5 2. Nf3 Nf6 3. Bf4 Bf5 4. e3 e6 5. Bd3 Bxd3 6. cxd3 Bb4+ 7. Nc3 O-O 8.
Qb3 Bxc3+ 9. bxc3 b6 10. O-O Nbd7 11. Rfc1 c5 12. Qa3 Qc8 13. Rab1 Re8 14. Ne5
Nh5 15. Nxd7 Nxf4 16. Ne5 Ne2+ 17. Kf1 Nxc1 18. Rxc1 cxd4 19. cxd4 Qb7 20. Nc6
Kh8 21. Ne5 Rec8 22. Rxc8+ Rxc8 23. Ke1 Qc7 24. Ke2 f6 25. Nf3 a5 26. Nd2 b5
27. Nb3 b4 28. Qa4 Qc2+ 29. Kf3 e5 30. Qxa5 Qxd3 31. Qxb4 Qe4+ 32. Kg3 f5 33.
h4 g5 34. hxg5 Qg4+ 35. Kh2 Rg8 36. Qe7 Qh4+ 37. Kg1 Qxg5 38. Qxe5+ Qg7 39.
Qxd5 h6 40. Nc5 Qg4 41. Qc4 0-1

[Event "Championnat de la Loire - Top20"]
[Site "Loire"]
[Date "2009.03.07"]
[Round "5.7"]
[White "Carrot, Axel"]
[Black "Walter, Alain"]
[Result "0-1"]
[WhiteElo "1650"]
[BlackElo "1760"]
[PlyCount "80"]
[EventDate "2009.??.??"]

1. d4 d5 2. Bf4 e6 3. Nf3 c5 4. c3 Nc6 5. e3 a6 6. Nbd2 Nf6 7. Bd3 Be7 8. O-O
O-O 9. Re1 cxd4 10. cxd4 Bd7 11. a3 Rc8 12. Rc1 Na5 13. Rxc8 Qxc8 14. Qc1 b5
15. Ne5 Nc4 16. Nxd7 Qxd7 17. Nxc4 dxc4 18. Be2 Rc8 19. Qc3 Nd5 20. Qa5 Nxf4
21. exf4 Qd6 22. Bf3 Bd8 23. Qd2 Bc7 24. g3 Rd8 25. Rd1 Bb6 26. d5 Qc5 27. Qe2
g6 28. Rd2 exd5 29. Qf1 d4 30. Re2 d3 31. Re5 Qd4 32. Qe1 Qxb2 33. Kg2 Bd4 34.
Re8+ Rxe8 35. Qxe8+ Kg7 36. Bd5 Qxf2+ 37. Kh3 Qf1+ 38. Kh4 Bf6+ 39. Kg4 Qe2+
40. Qxe2 dxe2 0-1

[Event "Championnat de la Loire - Top20"]
[Site "Loire"]
[Date "2009.03.07"]
[Round "5.8"]
[White "Massard, Christian"]
[Black "Aumont-Mathieu, Georges"]
[Result "0-1"]
[WhiteElo "1810"]
[BlackElo "1800"]
[PlyCount "126"]
[EventDate "2009.??.??"]

1. Nf3 Nc6 2. c4 e5 3. Nc3 Nf6 4. d3 h6 5. g3 Bc5 6. e3 d5 7. cxd5 Nxd5 8. Bg2
Be6 9. a3 a5 10. O-O Bb6 11. Nxd5 Bxd5 12. Bd2 O-O 13. Bc3 f6 14. Qc2 Qd6 15.
Rfd1 Qe6 16. Qe2 g5 17. Nd2 Bxg2 18. Kxg2 Kg7 19. Rac1 Rfd8 20. Nc4 Bc5 21. h3
Kg6 22. Qf3 Qf5 23. Qxf5+ Kxf5 24. e4+ Ke6 25. Ne3 Ne7 26. Nf1 Bb6 27. Ne3 c6
28. Nc4 Bc7 29. g4 Ng6 30. Ne3 Nf4+ 31. Kh2 Nxd3 32. Rc2 Nf4 33. Rxd8 Rxd8 34.
Nf5 h5 35. Ng7+ Ke7 36. gxh5 Kf7 37. h6 Kg6 38. Nf5 Rd3 39. Rd2 Rxh3+ 40. Kg1
Rd3 41. Rc2 Nh3+ 42. Kg2 Bb6 43. f3 Nf4+ 44. Kg3 Rd1 45. Kh2 Bg1+ 46. Kg3 Nh5+
47. Kg2 Bb6 48. Kh2 Nf4 49. Rd2 Rxd2+ 50. Bxd2 Ne6 51. b4 a4 52. Kg2 Nd4 53.
Be3 c5 54. bxc5 Bxc5 55. Bc1 Nxf5 56. exf5+ Kxh6 57. Bb2 b6 58. Kh3 b5 59. Kg4
b4 60. axb4 Bxb4 61. Ba1 a3 62. Kg3 a2 63. Kf2 Bc5+ {abandon} 0-1

[Event "Championnat de la Loire - Top20"]
[Site "Loire"]
[Date "2009.03.07"]
[Round "5.9"]
[White "Mialon, Franck"]
[Black "Pareux, Marc"]
[Result "0-1"]
[WhiteElo "1370"]
[BlackElo "1640"]
[PlyCount "49"]
[EventDate "2009.??.??"]

1. e4 g6 2. Nc3 Bg7 3. b3 d6 4. Bb2 c6 5. Na4 Bxb2 6. Nxb2 Nd7 7. Nf3 Ngf6 8.
d3 Qa5+ 9. Nd2 b5 10. Be2 Qc3 11. Rb1 Ne5 12. O-O Bg4 13. Nf3 h5 14. Nxe5 Qxe5
15. d4 Qxe4 16. f3 Qe3+ 17. Kh1 Bd7 18. Re1 Qc3 19. Qc1 Qxd4 20. c3 Qb6 21. Qg5
Kf8 22. c4 a6 23. Bd3 Qc5 24. Qh4 g5 25. Qf2 0-1

[Event "Championnat de la Loire - Top20"]
[Site "Loire"]
[Date "2009.03.07"]
[Round "5.10"]
[White "Minchilli, Franco"]
[Black "Maestracci, Olivier"]
[Result "0-1"]
[WhiteElo "1740"]
[BlackElo "1580"]
[PlyCount "118"]
[EventDate "2009.??.??"]

1. e4 e6 2. f4 d5 3. e5 c5 4. Nf3 Nh6 5. d4 Nc6 6. Bb5 Bd7 7. Be3 Nxe5 8. Bxd7+
Nxd7 9. O-O Nf5 10. Bf2 Be7 11. Nbd2 O-O 12. Re1 cxd4 13. Nxd4 Nxd4 14. Bxd4
Bc5 15. Nf3 Bxd4+ 16. Qxd4 Qb6 17. Rad1 Rac8 18. Re2 Rc4 19. Qxb6 Nxb6 20. Nd4
g6 21. b3 Rcc8 22. Nf3 Rfd8 23. Nd4 a6 24. g4 Re8 25. Rd3 Nd7 26. Rde3 Nf6 27.
h3 b5 28. Rg2 Ne4 29. h4 Rc3 30. Rxc3 Nxc3 31. h5 e5 32. Ne2 Nxe2+ 33. Rxe2 e4
34. Kf2 f5 35. Kg3 d4 36. Kh4 Kf7 37. Kg5 fxg4 38. Kxg4 Kf6 39. Re1 gxh5+ 40.
Kxh5 Kf5 41. Rf1 e3 42. Kh4 Rg8 43. Re1 Rg4+ 44. Kh3 Rxf4 45. c4 bxc4 46. bxc4
Ke4 47. c5 Rf6 48. Rc1 Kd5 49. Kg3 Rc6 50. Kf3 Rxc5 51. Rh1 Rc6 52. Rxh7 Rf6+
53. Ke2 Rf2+ 54. Ke1 Rxa2 55. Rd7+ Ke4 56. Kf1 Kd3 57. Rg7 Ra1+ 58. Kg2 e2 59.
Rg3+ Kd2 0-1

[Event "Championnat de la Loire - Top20"]
[Site "Loire"]
[Date "2009.03.28"]
[Round "6.1"]
[White "Garon, Pierre"]
[Black "Morice, Ludovic"]
[Result "0-1"]
[WhiteElo "1942"]
[BlackElo "2056"]
[PlyCount "50"]
[EventDate "2009.??.??"]

1. d4 c5 2. e3 d5 3. Nf3 Nc6 4. a3 cxd4 5. exd4 Bg4 6. c3 e6 7. Bd3 Bd6 8. Nbd2
Nge7 9. Qe2 O-O 10. Bxh7+ Kxh7 11. Ng5+ Kg6 12. Qxg4 f5 13. Qe2 Kxg5 14. Qxe6
Kh5 15. g4+ fxg4 16. h3 g3 17. Ne4 gxf2+ 18. Nxf2 Nf5 19. Kd1 Qe7 20. Qxd5 Rae8
21. Qf3+ Kg6 22. Rg1+ Kh7 23. Qd3 Kh8 24. Ng4 Qe4 25. Qc2 Ncxd4 0-1

[Event "Championnat de la Loire - Top20"]
[Site "Loire"]
[Date "2009.03.28"]
[Round "6.2"]
[White "Furnon, Yannick"]
[Black "Cursoux, Gerard"]
[Result "1/2-1/2"]
[WhiteElo "1780"]
[BlackElo "2040"]
[PlyCount "78"]
[EventDate "2009.??.??"]

1. d4 d6 2. Nf3 g6 3. c4 Bg7 4. Nc3 Nf6 5. e4 O-O 6. Be2 Nbd7 7. O-O e5 8. Re1
exd4 9. Nxd4 Re8 10. Bf1 Nc5 11. f3 Nfd7 12. Be3 Ne5 13. Rb1 a5 14. Qd2 Ne6 15.
Nc2 Bd7 16. Nd5 Nc6 17. Red1 b6 18. g3 Ne5 19. Be2 Bc6 20. Nd4 Bb7 21. b3 Nc6
22. Nxc6 Bxc6 23. Kf2 Qb8 24. h4 Qd8 25. h5 g5 26. h6 Bxh6 27. Rh1 Bg7 28. Rh5
h6 29. Rbh1 f6 30. Bd3 Rf8 31. Bb1 Be8 32. R5h2 Bg6 33. Qc1 Nc5 34. Kg2 c6 35.
Bxc5 cxd5 36. Ba3 dxe4 37. fxe4 Qe7 38. Re1 Rae8 39. Kg1 f5 1/2-1/2

[Event "Championnat de la Loire - Top20"]
[Site "Loire"]
[Date "2009.03.28"]
[Round "6.3"]
[White "Cizeron, Frederic"]
[Black "Deville, Olivier"]
[Result "1-0"]
[WhiteElo "2104"]
[BlackElo "2012"]
[PlyCount "135"]
[EventDate "2009.??.??"]

1. d4 Nf6 2. Nf3 e6 3. Bg5 h6 4. Bh4 g5 5. Bg3 d6 6. Nbd2 Bg7 7. e4 Qe7 8. Bd3
Nbd7 9. Nc4 Nh5 10. Ne3 Nf8 11. c3 Ng6 12. Qc2 Nhf4 13. O-O-O Nxd3+ 14. Rxd3
Bd7 15. Re1 O-O-O 16. c4 Nf4 17. Ra3 Kb8 18. Qd2 b6 19. Kb1 Bc8 20. Bxf4 gxf4
21. Nc2 e5 22. Nb4 Bb7 23. Nd5 Qd7 24. Nh4 exd4 25. Nf5 Be5 26. Nxd4 Bxd4 27.
Qxd4 f5 28. Rd3 fxe4 29. Rxe4 Bxd5 30. Qxd5 Qg4 31. g3 Qh3 32. Rxf4 Qxh2 33.
Rd1 Qh3 34. Rh1 Qc8 35. Qf5 Qxf5+ 36. Rxf5 Rdf8 37. Rhh5 Kc8 38. Rxh6 Kd7 39.
Rxh8 Rxh8 40. Kc2 Ke6 41. g4 Rh2 42. Kc3 Rg2 43. f3 a5 44. a4 Rg1 45. b3 Rc1+
46. Kd2 Rb1 47. Kc2 Rf1 48. Rf8 Ke7 49. Rf4 Rg1 50. Kd2 Ke6 51. Rd4 Kf6 52. Ke3
Rb1 53. Rd3 Rg1 54. Ke4 Ke6 55. Re3 Rg2 56. Kf4+ Kf7 57. Kf5 Rg3 58. g5 Rg1 59.
f4 Rg2 60. Rh3 Kg7 61. Ke6 Rd2 62. f5 Rg2 63. f6+ Kg6 64. Rf3 Re2+ 65. Kd7 Kf7
66. g6+ Kf8 67. Rh3 Kg8 68. f7+ 1-0

[Event "Championnat de la Loire - Top20"]
[Site "Loire"]
[Date "2009.03.28"]
[Round "6.4"]
[White "Walter, Alain"]
[Black "Muller, Anthony"]
[Result "1-0"]
[WhiteElo "1760"]
[BlackElo "1860"]
[PlyCount "61"]
[EventDate "2009.??.??"]

1. e4 e5 2. Nf3 Nc6 3. Bb5 Nd4 4. Nxd4 exd4 5. Bc4 Nf6 6. O-O d5 7. exd5 Be7 8.
c3 Nxd5 9. d3 O-O 10. Re1 Bf6 11. Bd2 b6 12. cxd4 Bb7 13. Nc3 Rb8 14. Qb3 Ne7
15. Be3 Nf5 16. d5 Bxc3 17. bxc3 Ne7 18. Bg5 Re8 19. d6 Qxd6 20. Bxf7+ Kh8 21.
Bxe8 Rxe8 22. Qf7 Qc6 23. Re4 Rg8 24. Bxe7 Qxc3 25. Ree1 Qd4 26. Qc4 Qd7 27.
Ba3 Qf5 28. Re3 Qf6 29. Rae1 h6 30. Qxc7 Bd5 31. Bb4 1-0